Повышение русурсоэффективности в IT-отрасли; Молодежь и современные информационные технологии; Т. 1

Bibliographische Detailangaben
Parent link:Молодежь и современные информационные технологии: сборник трудов XII Всероссийской научно-практической конференции студентов, аспирантов и молодых ученых, г. Томск, 12-14 ноября 2014 г./ Национальный исследовательский Томский политехнический университет (ТПУ), Институт кибернетики (ИК) ; ред. кол. Е. А. Сикора [и др.].— , 2014
Т. 1.— 2014.— [С. 65-66]
1. Verfasser: Ивашутенко А. С. Александр Сергеевич
Körperschaft: Национальный исследовательский Томский политехнический университет (ТПУ) Энергетический институт (ЭНИН) Кафедра электроснабжения промышленных предприятий (ЭПП)
Zusammenfassung:Заглавие с титульного экрана
Sprache:Russisch
Veröffentlicht: 2014
Schriftenreihe:Микропроцессорные системы, компьютерные сети и телекоммуникация
Schlagworte:
Online-Zugang:http://earchive.tpu.ru/handle/11683/20255
http://www.lib.tpu.ru/fulltext/c/2014/C04/V1/025.pdf
Format: MixedMaterials Elektronisch Buchkapitel
KOHA link:https://koha.lib.tpu.ru/cgi-bin/koha/opac-detail.pl?biblionumber=610560

MARC

LEADER 00000naa2a2200000 4500
001 610560
005 20260407144758.0
035 |a (RuTPU)RU\TPU\conf\8175 
035 |a RU\TPU\conf\8168 
090 |a 610560 
100 |a 20150129d2014 k y0rusy50 ca 
101 0 |a rus 
102 |a RU 
135 |a drgn ---uucaa 
181 0 |a i  
182 0 |a b 
200 1 |a Повышение русурсоэффективности в IT-отрасли  |f А. С. Ивашутенко 
203 |a Текст  |c электронный 
225 1 |a Микропроцессорные системы, компьютерные сети и телекоммуникация 
300 |a Заглавие с титульного экрана 
320 |a [Библиогр.: с. 66 (10 назв.)] 
337 |a Adobe Reader 
461 1 |0 (RuTPU)RU\TPU\conf\7802  |t Молодежь и современные информационные технологии  |o сборник трудов XII Всероссийской научно-практической конференции студентов, аспирантов и молодых ученых, г. Томск, 12-14 ноября 2014 г.  |o в 2 т.  |f Национальный исследовательский Томский политехнический университет (ТПУ), Институт кибернетики (ИК) ; ред. кол. Е. А. Сикора [и др.]  |d 2014 
463 0 |0 (RuTPU)RU\TPU\conf\7790  |t Т. 1  |v [С. 65-66]  |d 2014 
610 1 |a труды учёных ТПУ 
610 1 |a электронный ресурс 
610 1 |a ресурсоэффективность 
610 1 |a IT-отрасли 
610 1 |a информационные технологии 
610 1 |a энергопотребление 
610 1 |a периферийное оборудование 
610 1 |a оптимизация 
610 1 |a энергооборудование 
700 1 |a Ивашутенко  |b А. С.  |c специалист в области электротехники  |c доцент Томского политехнического университета, кандидат технических наук  |f 1981-  |g Александр Сергеевич  |3 (RuTPU)RU\TPU\pers\29575  |9 14110 
712 0 2 |a Национальный исследовательский Томский политехнический университет (ТПУ)  |b Энергетический институт (ЭНИН)  |b Кафедра электроснабжения промышленных предприятий (ЭПП)  |3 (RuTPU)RU\TPU\col\18676 
801 2 |a RU  |b 63413507  |c 20210317  |g RCR 
856 4 |u http://earchive.tpu.ru/handle/11683/20255 
856 4 |u http://www.lib.tpu.ru/fulltext/c/2014/C04/V1/025.pdf 
942 |c BK